|
|
แสดงรายละเอียดบรรณานุกรม |
|
|
Brief Record
: Get Marc (ISO 2709)
: E-mail record
: |
|
|
| LEADER 00000nam 2200000uu 4500 | |||
| 008 121111s2554||||th 000 0 tha d | |||
| 020 ^a9789747876499 | |||
| 040 ^abcnkk. | |||
| 041 0 ^atha. | |||
| 060 0 BJ1588.T5 ว522 2554 | |||
| 100 0 ^aวิจิตร บุญยะโหตระ. | |||
| 245 00 ^aศาสตร์ชีวิต/^cวิจิตร บุญยะโหตระ. | |||
| 260 ^aกรุงเทพฯ:^bอมรินทร์บุ๊คเนเตอร์,^c2554. | |||
| 300 ^a272 หน้า. | |||
| 650 0 ^aการดำเนินชีวิต. | |||
| 650 0 ^aปรัชญา. | |||
| 999 ^aใช้งานได้ทุกระบบ | |||
| คุณยังไม่ได้ล็อกอิน คุณสามารถมีกิจกรรมร่วมกับเว็บไซต์ได้ แต่ต้องล็อกอินก่อน :: |
|
| สถานะ | |||||||||
| 1. | หนังสือทั่วไป | BJ1588.T5 ว522 2554 | On Shelf ขอยืม | ||||||
| 2. | หนังสือทั่วไป | BJ1588.T5 ว522 2554 ฉ.2 | On Shelf ขอยืม | ||||||
| [แสดง 2/2 รายการ] | |||||||||
| รายการใกล้เคียง หัวเรื่อง [การดำเนินชีวิต.]
|
BibComment |
| คอมเมนท์ทรัพยากรรายการนี้ |
|
|